Implementation of fire protection requirements.

Bibliographic Details
Format: Government Document eBook
Language:English
Published: Washington, D.C. : United States Nuclear Regulatory Commission, 1986-1994.
Series:Generic letter ; no. 86-10.
Subjects:
Online Access:https://purl.fdlp.gov/GPO/gpo155694

MARC

Tag First Indicator Second Indicator Subfields
LEADER 00000cam a2200000 i 4500
001 in00004445461
005 20211120112220.0
006 m o d f
007 cr |||||||||||
008 210518m19861994dcu o f000 0 eng c
035 |a (OCoLC)on1251516459 
042 |a pcc 
040 |a GPO  |b eng  |e rda  |e pn  |c GPO  |d MvI 
049 |a WWW 
074 |a 1051-H-08 (online) 
086 0 |a Y 3.N 88:56/86-10 
245 0 0 |a Implementation of fire protection requirements. 
246 1 |i Title of supplement:  |a Fire endurance test acceptance criteria for fire barrier systems used to separate redundant safe shutdown trains within the same fire area 
264 1 |a Washington, D.C. :  |b United States Nuclear Regulatory Commission,  |c 1986-1994. 
300 |a 1 online resource (2 volumes). 
336 |a text  |b txt  |2 rdacontent 
337 |a computer  |b c  |2 rdamedia 
338 |a online resource  |b cr  |2 rdacarrier 
490 1 |a Generic letter ;  |v no. 86-10 
500 |a "April 24, 1986." 
500 |a Supplement dated March 25, 1994. 
588 |a Description based on online resource; title from HTML caption (NRC, viewed May 18, 2021). 
650 0 |a Nuclear power plants  |x Fires and fire prevention. 
710 2 |a U.S. Nuclear Regulatory Commission,  |e issuing body. 
830 0 |a Generic letter ;  |v no. 86-10. 
856 4 0 |u https://purl.fdlp.gov/GPO/gpo155694  |t 0 
999 f f |s e6ef2bef-134d-3304-819c-f494b62bb578  |i 4e756a43-c3d1-3fcb-b4fb-9350290daa07  |t 0 
952 f f |a Texas A&M University  |b College Station  |c Electronic Resources  |d Available Online  |t 0  |e Y 3.N 88:56/86-10  |h Superintendent of Documents classification 
998 f f |a Y 3.N 88:56/86-10  |t 0  |l Available Online